| 000 | 00495nam a2200157 i 4500 | ||
|---|---|---|---|
| 001 | bg | ||
| 100 | 1 | _aBIELAŃSKI, Konstanty | |
| 245 | 0 |
_aLaboratorium miernictwa elektrycznego. _nCz. 3, _pLaboratorium metrologii elektrycznej i elektronicznej / _cK. Bielański, J. Średniawski ; pod red. K. Bielańskiego. |
|
| 260 |
_aCzęstochowa, _c1981. |
||
| 700 | 1 | _aŚREDNIAWSKI, J. | |
| 040 | _cBPK | ||
| 041 | _apol | ||
| 080 | _a621.317 | ||
| 942 | _cKS | ||
| 008 | s pl f |000 0 pol | ||
| 999 |
_c20417 _d20417 |
||
| 856 |
_uhttp://koha.tu.koszalin.pl/cgi-bin/koha/opac-detail.pl?biblionumber=20417 _yKatalog online BPK |
||